000 01635cam a2200397 a 4500
001 1595940
003 OSt
005 20251215090708.0
008 940330s1995 nyua b 001 0 eng
010 _a 94010644
020 _a0827362692
020 _a9780827362697
035 _a1595940
040 _aDLC
_cDLC
_dDLC
043 _an-us---
050 0 0 _aLC4718
_b.T43 1995
082 0 0 _a371.94
_220
245 0 0 _aTeaching children with autism :
_bstrategies to enhance communication and socialization /
_cedited by Kathleen Ann Quill.
260 _aNew York :
_bDelmar Publishers,
_cc1995.
300 _axiii, 315 p. :
_bill. ;
_c24 cm.
336 _atext
_btxt
_2rdacontent
337 _aunmediated
_bn
_2rdamedia
338 _avolume
_bnc
_2rdacarrier
504 _aIncludes bibliographical references and index.
650 0 _aAutistic children
_xEducation
_zUnited States.
650 0 _aCommunication
_xStudy and teaching
_zUnited States.
650 0 _aSocialization
_xStudy and teaching
_zUnited States.
700 1 _aQuill, Kathleen Ann,
_d1952-
856 4 2 _3Publisher description
_uhttp://www.loc.gov/catdir/enhancements/fy1215/94010644-d.html
856 4 1 _3Table of contents only
_uhttp://www.loc.gov/catdir/enhancements/fy1215/94010644-t.html
856 4 2 _3Contributor biographical information
_uhttp://www.loc.gov/catdir/enhancements/fy1302/94010644-b.html
906 _a7
_bcbc
_corignew
_d1
_eocip
_f19
_gy-gencatlg
942 _2lcc
_cBK
999 _c265538
_d265537